| 000 | 00418nam a2200181Ia 4500 | ||
|---|---|---|---|
| 001 | 8212 | ||
| 005 | 20260306160552.0 | ||
| 008 | 260306t2002||||xx |||||||||||||| ||spa|| | ||
| 041 | _aESP | ||
| 082 |
_a370.15 _bM32 |
||
| 100 |
_aMayer, Richard E. _eAUT |
||
| 245 | 0 | _aPsicología de la educación | |
| 260 | _c2002 | ||
| 300 |
_a274 páginas : _ccm. |
||
| 650 | _aGEN | ||
| 654 | _aCED | ||
| 942 |
_cLIB _dJUS _fJUS _2ddc _n |
||
| 999 |
_c8212 _d8212 |
||